| 000 | 00780cam a2200253u 4500 | ||
|---|---|---|---|
| 001 | 15058 | ||
| 003 | BD-RjUL | ||
| 005 | 20211208235737.0 | ||
| 008 | 140209s1960 pau 000 0 eng | ||
| 035 | _a(BD-RjUL)15112 | ||
| 040 |
_aDLC _cCarP _dBD-RjUL _beng |
||
| 041 | _aeng | ||
| 082 |
_223 _a657.0951 _bNEA 1960 |
||
| 100 | 1 |
_aNeuner, John Joseph William, _d1900- [from old catalog] _946882 |
|
| 245 | 1 | 0 |
_aAccounting systems / _c John Joseph William Neuner and Ulrich J. Neuner |
| 250 | _a3d ed. | ||
| 260 |
_aScranton : _bInternational Textbook Co, _c1960 |
||
| 300 |
_a577 p. : _bill . ; _c24 cm. |
||
| 650 | 0 |
_aAccounting. _946883 |
|
| 700 | 1 |
_aNeuner, Ulrich J., [from old catalog] _9229523 |
|
| 942 |
_2ddc _cBK |
||
| 999 |
_c15058 _d15058 |
||